000
00214nam a22000857a 4500
008
161207b xxu||||| |||| 00| 0 eng d
100
_9
1877
_a
Davidson. A. J
245
_a
The story of Jonah
260
_a
America
_b
C. R
_c
1984
999
_c
4627
_d
4627